Hỏi đáp Bộ luật Tố tụng dân sự năm 2004
Enregistré dans:
| Auteur principal: | |
|---|---|
| Format: | Livre |
| Langue: | Undetermined |
| Publié: |
Hà Nội
Lao động
2004
|
| Sujets: | |
| Tags: |
Ajouter un tag
Pas de tags, Soyez le premier à ajouter un tag!
|
| Thư viện lưu trữ: | Trung tâm Học liệu Trường Đại học Cần Thơ |
|---|
| LEADER | 00579nam a2200205Ia 4500 | ||
|---|---|---|---|
| 001 | CTU_104048 | ||
| 008 | 210402s9999 xx 000 0 und d | ||
| 020 | |c 32000 | ||
| 082 | |a 347.59705 | ||
| 082 | |b M312 | ||
| 100 | |a Minh Hưởng | ||
| 245 | 0 | |a Hỏi đáp Bộ luật Tố tụng dân sự năm 2004 | |
| 245 | 0 | |c Minh Hưởng, Phương Thảo | |
| 260 | |a Hà Nội | ||
| 260 | |b Lao động | ||
| 260 | |c 2004 | ||
| 650 | |a Civil procedure | ||
| 650 | |z Vietnam | ||
| 904 | |i Minh | ||
| 980 | |a Trung tâm Học liệu Trường Đại học Cần Thơ | ||